Bermuda-Quiz - Statistiken

Allgemein
  • Dieses Quiz wurde 45 mal gespielt
  • Das Durchschnittsergebnis liegt bei 7 aus 18
Antwortstatistiken
Frage Antwort % Korrekt
Land, von dem Bermuda ein Überseegebiet ist Vereinigtes Königreich
93%
Ozean, in dem sich Bermuda befindet Atlantischer Ozean
88%
Währung Bermuda-Dollar
80%
Zweitgrößte Industrie Tourismus
51%
US-Bundesstaat, der Bermuda am nächsten liegt Nordkarolinien
49%
Kleidungsstück, das häufig mit Bermuda verbunden ist Bermuda-Shorts
41%
Hauptstadt Hamilton
41%
Prozentsatz der Binnengewässer, die Süßwasser enthalten 0 %
37%
Kanadische Provinz, die Bermuda am nächsten liegt Neuschottland
34%
Natürliche Barrieren, die Bermuda etwas Schutz vor Hurrikanen gewähren Korallenriffe
29%
Jahrhundertalter Sport, die jährlich von Newport, Rhode Island bis Bermuda stattfindet Segeln
27%
Häufigste evangelische Konfession Anglikanismus
17%
Farbe der berühmten Strände Bermudas Rosa
17%
Rum-Unternehmen, das 1965 von Kuba nach Bermuda zog Bacardi Limited
15%
Industrie, die den größten Wirtschaftszweig Bermudas bildet (nach Einkommen) Bankwesen/Finanzen/Versicherung
12%
Die einzigen einheimischen Säugetiere Bermudas (auch in den östlichen Vereinigten Staaten zu finden) Fünf {Fledermaus}arten
10%
Bermuda ist verwaltungstechnisch in neun _______ untergliedert (beginnt mit P) Parishes
10%
Spanischer Seefahrer, der in den frühen 1500er Bermuda entdeckte, und nach dem es benannt ist Juan de Bermúdez
7%
Keine übereinstimmenden Quizze gefunden
Verteilung der Resultate
Anzahl Personen mit jedem Resultat
Perzentil nach korrekt beantworteten Fragen
Ihre Resultats-Entwicklung
Sie haben dieses Quiz noch nicht gespielt